| 000 | 00752cam a2200229 a 4500 | ||
|---|---|---|---|
| 001 | 000018540 | ||
| 005 | 20200929165823.0 | ||
| 008 | 780119s1978 nyu 000 0 eng d | ||
| 020 | _a0883444704 | ||
| 040 |
_aDO-SdBNP _cDLC _dDLC _dBNPHU |
||
| 041 | 1 | 7 |
_aeng _hita _2Código de idiomas MARC |
| 082 |
_annnn _bC315s |
||
| 100 | 1 |
_aCarretto, Carlo, _940094 |
|
| 240 | 1 | 0 |
_aPadre mio, mi abbandono a Te. _lEnglish. |
| 245 | 1 | 0 |
_aSummoned by love / _cCarlo Carretto ; translated by Alan Neame. |
| 260 |
_aNew York : _bOrbis Books, _c1978. |
||
| 300 |
_a143, [144] p. ; _c22 cm. |
||
| 534 | _pTranslation of Padre mio, mi abbandono a Te. | ||
| 650 | 0 |
_aChristian life _xCatholic authors. _940095 |
|
| 910 | _aCatalogación derivada / LC | ||
| 049 | _aBNGR | ||
| 999 |
_c18060 _d18060 |
||